|
|
|
|
| LEADER |
03114nam a2200805 a 4500 |
| 001 |
nkc20122340432 |
| 003 |
CZ PrNK |
| 005 |
20161201235016.0 |
| 007 |
ta |
| 008 |
120221s2011 xr e 000 0 cze |
| 015 |
|
|
|a cnb002340432
|
| 020 |
|
|
|a 978-80-260-1800-1
|q (v knize neuvedeno ;
|q brož.)
|
| 035 |
|
|
|a (OCoLC)791316924
|
| 040 |
|
|
|a BOA001
|b cze
|d ABA001
|
| 045 |
|
|
|a y0y0
|
| 072 |
|
7 |
|a 27-5
|x Liturgie. Křesťanské umění a symbolika. Duchovní život
|2 Konspekt
|9 5
|
| 080 |
|
|
|a 272-184.3
|2 MRF
|
| 080 |
|
|
|a 27-584
|2 MRF
|
| 080 |
|
|
|a 27-4
|2 MRF
|
| 080 |
|
|
|a 27-184
|2 MRF
|
| 080 |
|
|
|a 27-662:3
|2 MRF
|
| 080 |
|
|
|a 27-583
|2 MRF
|
| 080 |
|
|
|a 27-277.2
|2 MRF
|
| 080 |
|
|
|a 272-732.2-284/-285
|2 MRF
|
| 080 |
|
|
|a (0:82-84)
|2 MRF
|
| 080 |
|
|
|a (082.22)
|2 MRF
|
| 080 |
|
|
|a (093.2)
|2 MRF
|
| 100 |
1 |
|
|a Richter, Jan
|7 mzk2007385829
|4 aut
|
| 245 |
1 |
0 |
|a Zajeď na hlubinu :
|b slova Jana Pavla II. pro třetí tisíciletí /
|c zpracoval Jan Richter
|
| 246 |
3 |
0 |
|a Slova Jana Pavla II. pro třetí tisíciletí
|
| 250 |
|
|
|a 2. vyd.
|
| 260 |
|
|
|a Vranov n.D. [nad Dyjí] ;
|a Přímětice :
|b A.M.I.M.S.,
|c 2011
|
| 300 |
|
|
|a 56 s. ;
|c 21 cm
|
| 521 |
8 |
|
|a Pro církevní potřebu
|
| 600 |
0 |
7 |
|a Jan Pavel
|b II.,
|c papež,
|d 1920-2005
|7 jn19981001536
|2 czenas
|
| 600 |
0 |
9 |
|a John Paul
|b II,
|c Pope,
|d 1920-2005
|2 eczenas
|
| 648 |
|
4 |
|a 2001-2005
|
| 648 |
|
7 |
|a 2001-2010
|7 ch460588
|2 czenas
|
| 650 |
0 |
7 |
|a katolická víra
|7 ph121532
|2 czenas
|
| 650 |
0 |
7 |
|a duchovní život
|7 ph114375
|2 czenas
|
| 650 |
0 |
7 |
|a křesťanský život
|7 ph122132
|2 czenas
|
| 650 |
0 |
7 |
|a Bůh a člověk
|7 ph116953
|2 czenas
|
| 650 |
0 |
7 |
|a křesťanství a společnost
|7 ph138510
|2 czenas
|
| 650 |
0 |
7 |
|a křesťanská meditace
|7 ph115060
|2 czenas
|
| 650 |
0 |
7 |
|a biblické citáty
|7 ph118853
|2 czenas
|
| 650 |
0 |
7 |
|a papežské dokumenty
|7 ph123940
|y 2001-2010
|2 czenas
|
| 650 |
0 |
9 |
|a Catholic faith
|2 eczenas
|
| 650 |
0 |
9 |
|a spiritual life
|2 eczenas
|
| 650 |
0 |
9 |
|a Christian life
|2 eczenas
|
| 650 |
0 |
9 |
|a relations between God and man
|2 eczenas
|
| 650 |
0 |
9 |
|a Christianity and civilization
|2 eczenas
|
| 650 |
0 |
9 |
|a Christian meditation
|2 eczenas
|
| 650 |
0 |
9 |
|a Biblical quotations
|2 eczenas
|
| 650 |
0 |
9 |
|a papal documents
|y 2001-2010
|2 eczenas
|
| 653 |
0 |
|
|a denní četba
|
| 655 |
|
7 |
|a citáty
|7 fd131832
|2 czenas
|
| 655 |
|
7 |
|a výňatky
|7 fd185966
|2 czenas
|
| 655 |
|
7 |
|a papežské listy
|7 fd133001
|2 czenas
|
| 655 |
|
9 |
|a quotations
|2 eczenas
|
| 655 |
|
9 |
|a excerpts
|2 eczenas
|
| 655 |
|
9 |
|a papal documents
|2 eczenas
|
| 700 |
0 |
|
|a Jan Pavel
|b II.,
|c papež,
|d 1920-2005
|7 jn19981001536
|4 ant
|
| 856 |
4 |
1 |
|u http://www.digitalniknihovna.cz/mzk/uuid/uuid:b5fc8960-9c4d-11e6-baa5-005056827e51
|y Digitalizovaný dokument
|x NDK
|
| 910 |
2 |
|
|a BOA001
|b 2-1279.752
|
| 928 |
9 |
|
|a Apostolatus Mariae Immaculatae Matris Spei (Apoštolát P. Marie Neposkvrněné - Matky Naděje)
|
| 990 |
|
|
|a BK
|
| 995 |
|
|
|a 01
|
| 991 |
|
|
|b 201202
|e n
|
| 996 |
6 |
|
|b 2610501507
|c 2-1279.752
|l MZK
|r Sklad / do 1 hodiny
|n 0
|p p.v.
|w 001226369
|u 000010
|a 1
|e BOA001
|j MZK50
|s P
|
| 996 |
7 |
|
|b 2610501508
|c 2-1279.752
|l MZK
|r Sklad / do 1 hodiny
|n 1
|p p.v.
|w 001226369
|u 000020
|a 1
|e BOA001
|j MZK50
|s A
|